Pro- Vocabulary Words Quiz - Statistics

General Stats
  • This quiz has been taken 36,958 times
    28,749 since last reset
  • The average score is 12 of 20
Answer Stats
Definition Word % Correct
He, she, or it, for example Pronoun
94%
Part of an atom Proton
91%
The main character in a story Protagonist
87%
To lengthen the duration of Prolong
80%
Obscene language Profanity
79%
Information meant to manipulate the public Propaganda
76%
To put off until later Procrastinate
74%
Introductory section to a play or novel Prologue
74%
Opposite of verse Prose
67%
One who looks for gold Prospector
67%
Deep, in an intellectual sense Profound
66%
Bullet or rocket, e.g. Projectile
58%
To obtain Procure
53%
The working or lower classes Proletariat
50%
One who can predict the future Prophet
48%
Business owner Proprietor
43%
Indiscriminate in choice of sexual partners Promiscuous
39%
Nose Proboscis
33%
Literally, one who provokes Provocateur
33%
Mentee Protege
23%
No matching quizzes found
Score Distribution
Percent of People with Each Score
Percentile by Number Answered
Your Score History
You have not taken this quiz since the last reset